Normal view
MARC view
- Siddik Zahid H
Entry Personal Name
001 - CONTROL NUMBER
- control field: 21383
003 - CONTROL NUMBER IDENTIFIER
- control field: NUST
005 - DATE AND TIME OF LATEST TRANSACTION
- control field: 20190925122146.0
008 - FIXED-LENGTH DATA ELEMENTS
- fixed length control field: 190925|| aca||aabn | a|a d
040 ## - CATALOGING SOURCE
- Original cataloging agency: NUST
- Transcribing agency: NUST
100 ## - HEADING--PERSONAL NAME
- Personal name: Siddik Zahid H
670 ## - SOURCE DATA FOUND
- Source citation: Work cat.: (NUST)23844: Siddik Zahid H, Drug Resistance in Cancer Cells, 2009
